00946nam a2200229 a 4500001001000000003000500010005001700015008004100032010001100073011001100084040000900095100003900104245015400143260004100297500006000338502007400398650004500472650004400517650004400561650004100605856007000646000115293CHAP20220329144528.0190219s2018 mx a |sm |||||||spa|d a111754 a112726 cCHAP1 aGonzález Aguilar, Diego Alfredo.10aValoración económia de la producción hídrica de la microcuenca Agostitlán, Michoacánh[En línea]cpor Diego Alfredo González Aguilar. aChapingo, Méx. :bEl autor,c2018. aPara ver el contenido del material haga clic en la liga aTesis (Ingeniero forestal) -- UACH. División de Ciencias Forestales14aCuencas hidrológicasxAprovechamiento.14aRecursos hidraulicosxAdministración.14aRecursos hidraúlicosxConservación.14aRecursos hidráulicosxMichoacán. aFinding aiduhttp://10.13.5.2/tesis/sist115293.pdfzTeclea aquí